<?xml version="1.0" encoding="UTF-8"?>
<record
    xmlns:xsi="http://www.w3.org/2001/XMLSchema-instance"
    xsi:schemaLocation="http://www.loc.gov/MARC21/slim http://www.loc.gov/standards/marcxml/schema/MARC21slim.xsd"
    xmlns="http://www.loc.gov/MARC21/slim">

  <leader>00709cam a22002291a 4500</leader>
  <controlfield tag="001">sa 68009454 </controlfield>
  <controlfield tag="003">DLC</controlfield>
  <controlfield tag="005">20260227112542.0</controlfield>
  <controlfield tag="008">830523s1968    ii            000 0 hin  </controlfield>
  <datafield tag="010" ind1=" " ind2=" ">
    <subfield code="a">sa 68009454 </subfield>
  </datafield>
  <datafield tag="035" ind1=" " ind2=" ">
    <subfield code="a">(OCoLC)9538134</subfield>
  </datafield>
  <datafield tag="040" ind1=" " ind2=" ">
    <subfield code="a">DLC</subfield>
    <subfield code="c">AzU</subfield>
    <subfield code="d">NN</subfield>
    <subfield code="d">DLC</subfield>
  </datafield>
  <datafield tag="041" ind1="0" ind2=" ">
    <subfield code="a">hinsan</subfield>
  </datafield>
  <datafield tag="050" ind1="0" ind2="0">
    <subfield code="a">PK3621</subfield>
    <subfield code="b">.A7 1968</subfield>
  </datafield>
  <datafield tag="130" ind1="0" ind2=" ">
    <subfield code="a">Puranas.</subfield>
    <subfield code="p">Agnipur&#x101;&#x1E47;a.</subfield>
    <subfield code="l">Hindi &amp; Sanskrit.</subfield>
  </datafield>
  <datafield tag="245" ind1="1" ind2="0">
    <subfield code="a">Agni-pur&#x101;&#x1E47;a /</subfield>
    <subfield code="c">samp&#x101;daka &#x15A;r&#x12B;r&#x101;ma &#x15A;arm&#x101; &#x100;c&#x101;rya.</subfield>
  </datafield>
  <datafield tag="250" ind1=" " ind2=" ">
    <subfield code="a">1. sa&#x1E43;skara&#x1E47;a.</subfield>
  </datafield>
  <datafield tag="260" ind1=" " ind2=" ">
    <subfield code="a">Barel&#x12B; :</subfield>
    <subfield code="b">Sa&#x1E43;skr&#x325;ti Sa&#x1E43;sth&#x101;na,</subfield>
    <subfield code="c">1968.</subfield>
  </datafield>
  <datafield tag="300" ind1=" " ind2=" ">
    <subfield code="a">2 v. ;</subfield>
    <subfield code="c">19 cm.</subfield>
  </datafield>
  <datafield tag="546" ind1=" " ind2=" ">
    <subfield code="a">Hindi and Sanskrit ; introduction in Hindi.</subfield>
  </datafield>
  <datafield tag="700" ind1="1" ind2=" ">
    <subfield code="a">&#x15A;arm&#x101;, &#x15A;r&#x12B;r&#x101;ma,</subfield>
    <subfield code="c">&#x100;c&#x101;rya,</subfield>
    <subfield code="d">1911-1990.</subfield>
  </datafield>
  <datafield tag="999" ind1=" " ind2=" ">
    <subfield code="c">82910</subfield>
    <subfield code="d">82910</subfield>
  </datafield>
</record>
